书目信息 |
| 题名: |
养生豆浆果蔬汁大全
|
|
| 作者: | 文娟 主编 | |
| 分册: | ||
| 出版信息: | 北京 中国华侨出版社 2013 |
|
| 页数: | 333页 | |
| 开本: | 25cm | |
| 丛书名: | ||
| 单 册: | ||
| 中图分类: | TS214.2 , TS275.54 | |
| 科图分类: | ||
| 主题词: | 豆制食品--饮料--制作 , 果汁饮料--制作 , 菜汁--饮料--制作 , 豆制食品 , 饮料 , 果汁饮料 , 菜汁 | |
| 电子资源: | ||
| ISBN: | 978-7-5113-3194-6 | |
| 000 | 00999nam0 2200301 450 | |
| 001 | 3384 | |
| 005 | 20160926090702.20 | |
| 010 | @a978-7-5113-3194-6@b精装@dCNY68.00 | |
| 100 | @a20130411d2013 em y0chiy50 ea | |
| 101 | 0 | @achi |
| 102 | @aCN@b110000 | |
| 105 | @aa z 000yy | |
| 200 | 1 | @a养生豆浆果蔬汁大全@b专著@f文娟主编@9yang sheng dou jiang guo shu zhi da quan |
| 210 | @a北京@c中国华侨出版社@d2013 | |
| 215 | @a333页@c图@d25cm | |
| 330 | @a本书精选了200多道养生豆浆和400多款营养果蔬汁的制作方法,口味多样、搭配合理、营养丰富,力求关爱各类人群,如某些疾病患者、孕妇、儿童、老年人等群体,都为其量身定制了最适合的豆浆、果蔬汁饮食方案。 | |
| 606 | 0 | @a豆制食品@x饮料@x制作 |
| 606 | 0 | @a果汁饮料@x制作 |
| 606 | 0 | @a菜汁@x饮料@x制作 |
| 606 | 0 | @a豆制食品 |
| 606 | 0 | @a饮料 |
| 606 | 0 | @a果汁饮料 |
| 606 | 0 | @a菜汁 |
| 690 | @aTS214.2@v5 | |
| 690 | @aTS275.54@v5 | |
| 701 | 0 | @a文娟@4主编@9wen juan |
| 801 | 0 | @aCN@b唐山师范学院图书馆@c20151001 |
| 905 | @aZUCC@dTS214.2@e215 | |
| 养生豆浆果蔬汁大全/文娟主编.-北京:中国华侨出版社,2013 |
| 333页:图;25cm |
| ISBN 978-7-5113-3194-6(精装):CNY68.00 |
| 本书精选了200多道养生豆浆和400多款营养果蔬汁的制作方法,口味多样、搭配合理、营养丰富,力求关爱各类人群,如某些疾病患者、孕妇、儿童、老年人等群体,都为其量身定制了最适合的豆浆、果蔬汁饮食方案。 |
| ● |
| 相关链接 |
|
|
|
|
正题名:养生豆浆果蔬汁大全
索取号:TS214.2/215
 
预约/预借
| 序号 | 登录号 | 条形码 | 馆藏地/架位号 | 状态 | 备注 |
| 1 | 904883 | 209048831 | 第二样本阅览室/ [索取号:TS214.2/215] | 在馆 | |
| 2 | 904884 | 209048840 | 第三借阅区/ [索取号:TS214.2/215] | 在馆 | |
| 3 | 904885 | 209048859 | 第三借阅区/ [索取号:TS214.2/215] | 在馆 | |
| 4 | 904886 | 209048868 | 第三借阅区/ [索取号:TS214.2/215] | 在馆 | |
| 5 | 904887 | 209048877 | 第三借阅区/ [索取号:TS214.2/215] | 在馆 |